000 00255nam a2200109Ia 4500
005 20251222144801.0
008 251222s9999||||xx |||||||||||||| ||spa||
082 _a657.07/U61
245 0 _aPlan de Estudios
264 _bFondo Editorial UNMSM
942 _cLIB
999 _c19733
_d19733